Julio Cortázar: sus mundos literarios

Salvato in:
Dettagli Bibliografici
Autore principale: Marambio, John L. (autor)
Natura: Libro
Lingua:spagnolo
Pubblicazione: Santiago Ateneo 2001
Soggetti:
Tags: Aggiungi Tag
Nessun Tag, puoi essere il primo ad aggiungerne!!

MARC

LEADER 00000nam a2200000 a 4500
001 UCM8494
003 CL-VaPUC
008 030321e20010000CL |||||||||||||||||spa|d
082 0 4 |a Ar863.09  |b MAR  |2 21 
100 |a Marambio, John L.  |e autor  |9 474567 
245 1 0 |a Julio Cortázar: sus mundos literarios 
300 |a 406 p 
942 |c BK 
945 |d 20030321 00:00:00  |a rbrito 
260 |a Santiago  |b Ateneo  |c 2001 
600 0 |a Cortázar, Julio,  |d 1914-1984  |9 347319 
650 7 |a NOVELA ARGENTINA  |2 CL-VaPUC  |9 347321 
650 7 |a CUENTO ARGENTINO  |2 CL-VaPUC  |9 371928 
650 0 |a Historia y crítica   |9 257407 
650 0 |a Crítica e interpretación   |9 255042 
583 |a last modification  |c 20030321 00:00:00  |k Rodrigo Vera 
999 |c 302994  |d 302992 
952 |0 0  |1 0  |4 0  |6 AR_863_090000000000000_MAR_2001  |7 0  |8 A  |9 363898  |a BIBEDU  |b BIBEDU  |d 2019-11-21  |i 3842509  |o Ar863.09 MAR 2001  |p 3842509  |r 2019-11-21  |w 2019-11-21  |y BK  |k LIT